000 00416nmm a2200145Ia 4500
008 251105s9999||||xx |||||||||||||||||und||
041 _aspa
100 _aCameron, Peter
245 0 _aAquella tarde dorada
264 _a[Madrid, España] :
_bLibros del asteroide,
_c2015
300 _a408 páginas
650 _aNorth American narrative
856 _uhttps://public.digitaliapublishing.com/a/50541
942 _cCF
999 _c105737
_d105737